Transportation engineering (Record no. 189372)

000 -LEADER
fixed length control field 00417nam a2200145Ia 4500
008 - FIXED-LENGTH DATA ELEMENTS--GENERAL INFORMATION
fixed length control field 220217s9999||||xx |||||||||||||| ||und||
020 ## - INTERNATIONAL STANDARD BOOK NUMBER
International Standard Book Number 9789332569706
082 ## - DEWEY DECIMAL CLASSIFICATION NUMBER
Classification number 629.04 KHI
100 ## - MAIN ENTRY--PERSONAL NAME
Personal name Khisty, Jotin, C and Lall, Kent, B
245 #0 - TITLE STATEMENT
Title Transportation engineering
250 ## - EDITION STATEMENT
Edition statement 3
260 ## - PUBLICATION, DISTRIBUTION, ETC.
Place of publication, distribution, etc. Pearson education of asia
Name of publisher, distributor, etc. New Delhi
Date of publication, distribution, etc. 2017
300 ## - PHYSICAL DESCRIPTION
Extent XXIII, 813p.
Other physical details 729
650 ## - SUBJECT ADDED ENTRY--TOPICAL TERM
Topical term or geographic name entry element TRANSFORT ENGINEERING
Holdings
Withdrawn status Lost status Damaged status Not for loan Collection code Home library Current library Date acquired Total Checkouts Full call number Barcode Date last seen Date last checked out Price effective from Koha item type
        Electronics and Communication Engineering Central Library Central Library 02/18/2022 3 629.04 KHI 24561 04/27/2023 11/05/2022 02/18/2022 Books

Powered by Koha